Statystyki dla Zawodnicy którzy grali z numerem 10 na mundialu w Katarze

Kliknij tutaj aby rozwiązać quiz!

Ogólne statystyki

  • Ten quiz został rozwiązany 29 razy
  • Średni wynik to 11 z 32

Statystyki odpowiedzi

ReprezentacjaZawodnik% Poprawnych
ArgentynaLionel Messi
92%
FrancjaKylian Mbappe
81%
BrazyliaNeymar
81%
PolskaGrzegorz Krychowiak
77%
ChorwacjaLuka Modrić
77%
DaniaChristian Eriksen
58%
HolandiaMemphis Depay
54%
PortugaliaBernardo Silva
50%
BelgiaEden Hazard
50%
USAChristian Pulisic
42%
AngliaRaheem Sterling
42%
SzwajcariaGranit Xhaka
38%
WaliaAaron Ramsey
35%
Arabia SaudyjskaSalem Al-Dawsari
35%
GhanaAndre Ayew
31%
KostarykaBryan Ruiz
27%
KamerunVincent Aboubakar
27%
HiszpaniaMarco Asensio
23%
NiemcySerge Gnabry
23%
SerbiaDusan Tadić
19%
UrugwajGiorgian de Arrascaeta
19%
TunezjaWahbi Khazri
19%
MeksykAlexis Vega
15%
KatarHassan Al-Haydos
12%
IranKarim Ansarifard
12%
JaponiaTakumi Minamino
12%
KoreaJae-sung Lee
8%
AustraliaAjdin Hrustić
4%
MarokoAnass Zaroury
4%
KanadaJunior Hoilett
4%
SenegalMoussa Ndiaye
4%
EkwadorRomario Ibarra
4%

Rozkład punktacji

Percentyl według liczby udzielonych odpowiedzi

Procent ludzi z każdym wynikiem

Twoja historia wyników

Nie rozwiązałeś tego quizu